[Event "Catalunya-ch Seniors"]
[Site "Andorra"]
[Date "2006.07.25"]
[Round "8"]
[White "Castan Sanclemente, Alejandro"]
[Black "Pampliega Canturri, Antonio"]
[Result "1-0"]
[WhiteElo "2040"]
[BlackElo "1994"]
[PlyCount "67"]
[EventDate "2006.07.18"]
[EventType "swiss"]
[EventRounds "9"]
[EventCountry "ESP"]
[SourceTitle "EXT 2019"]
[Source "ChessBase"]
[SourceDate "2018.10.10"]
[SourceVersion "1"]
[SourceVersionDate "2018.10.10"]
[SourceQuality "1"]

1. d4 e6 2. e4 d5 3. exd5 exd5 4. Bd3 Bd6 5. Ne2 Bg4 6. h3 Bh5 7. Nd2 Nf6 8. 0-0 0-0 9. f4 Qd7 10. Nf3 Ne4 11. Ne5 Bxe5 12. fxe5 Bg6 13. Bf4 f6 14. c3 Nc6 15. exf6 Rxf6 16. Ng3 Raf8 17. Bxe4 dxe4 18. Qd2 Ne7 19. Be5 Rxf1+ 20. Rxf1 Rxf1+ 21. Nxf1 c6 22. Ne3 Nd5 23. c4 Nf6 24. b4 Qe6 25. Bb8 a6 26. d5 Qc8 27. Be5 Nd7 28. Bg3 b5 29. c5 Bf7 30. Nf5 Qe8 31. dxc6 Ne5 32. c7 Be6 33. Qd8 Kf8 34. Nxg7 1-0

[Event "Catalunya-ch Seniors"]
[Site "Andorra"]
[Date "2006.07.24"]
[Round "7"]
[White "Salinas Garcia, Benet"]
[Black "Pampliega Canturri, Antonio"]
[Result "1-0"]
[WhiteElo "1801"]
[BlackElo "1994"]
[PlyCount "77"]
[EventDate "2006.07.18"]
[EventType "swiss"]
[EventRounds "9"]
[EventCountry "ESP"]
[SourceTitle "EXT 2019"]
[Source "ChessBase"]
[SourceDate "2018.10.10"]
[SourceVersion "1"]
[SourceVersionDate "2018.10.10"]
[SourceQuality "1"]

1. e4 e6 2. d4 d5 3. Nd2 Nf6 4. e5 Nfd7 5. Ne2 c5 6. c3 Nc6 7. Nf3 Qb6 8. g3 cxd4 9. cxd4 Bb4+ 10. Bd2 0-0 11. Bh3 f5 12. 0-0 h6 13. Bxb4 Qxb4 14. Qd2 Qe7 15. Nf4 Kh7 16. Bg2 g5 17. Ne2 Rg8 18. h4 Nb6 19. b3 Bd7 20. Rfc1 Rg7 21. hxg5 hxg5 22. Ne1 Rag8 23. f3 Be8 24. Kf2 Bg6 25. Nd3 Nd7 26. Rh1+ Bh5 27. Rxh5+ Kg6 28. Rah1 Kf7 29. Rh7 Nf8 30. Rxg7+ Rxg7 31. Nc5 Nxe5 32. Nxe6 Qxe6 33. dxe5 Qxe5 34. f4 gxf4 35. Qxd5+ Qe6 36. Nxf4 Qxd5 37. Bxd5+ Ke8 38. Rh8 Ke7 39. Rxf8 1-0

[Event "Catalunya-ch Seniors"]
[Site "Andorra"]
[Date "2006.07.23"]
[Round "6"]
[White "Pampliega Canturri, Antonio"]
[Black "Descarrega Palau, Miguel"]
[Result "0-1"]
[WhiteElo "1994"]
[BlackElo "2094"]
[PlyCount "80"]
[EventDate "2006.07.18"]
[EventType "swiss"]
[EventRounds "9"]
[EventCountry "ESP"]
[SourceTitle "EXT 2019"]
[Source "ChessBase"]
[SourceDate "2018.10.10"]
[SourceVersion "1"]
[SourceVersionDate "2018.10.10"]
[SourceQuality "1"]

1. e4 g6 2. d4 Bg7 3. c3 d6 4. Nf3 Nf6 5. Bd3 0-0 6. Bg5 c6 7. h3 Qc7 8. Qd2 Nbd7 9. Na3 Re8 10. 0-0 e5 11. Rfe1 a6 12. Rac1 b5 13. c4 Qb8 14. b3 b4 15. Nc2 a5 16. Bh4 c5 17. dxe5 dxe5 18. Ne3 Nf8 19. Nd5 Nh5 20. Qe3 Qd6 21. Rcd1 Ne6 22. Bf1 Nd4 23. Rd2 Bb7 24. Nh2 a4 25. Be2 Nf4 26. Bd1 axb3 27. axb3 Ra3 28. Ng4 Bxd5 29. exd5 f5 30. Nh2 h6 31. Nf3 g5 32. Bg3 Nxf3+ 33. Qxf3 e4 34. Qe3 Nxh3+ 35. gxh3 f4 36. Bh2 fxe3 37. Bxd6 exd2 38. Re2 Ra1 39. Kg2 Rxd1 40. Bxc5 Rg1+ 0-1

[Event "Catalunya-ch Seniors"]
[Site "Andorra"]
[Date "2006.07.19"]
[Round "2"]
[White "Dominguez Marquez, Cecilio"]
[Black "Pampliega Canturri, Antonio"]
[Result "1-0"]
[WhiteElo "2123"]
[BlackElo "1994"]
[PlyCount "43"]
[EventDate "2006.07.18"]
[EventType "swiss"]
[EventRounds "9"]
[EventCountry "ESP"]
[SourceTitle "EXT 2019"]
[Source "ChessBase"]
[SourceDate "2018.10.10"]
[SourceVersion "1"]
[SourceVersionDate "2018.10.10"]
[SourceQuality "1"]

1. d4 e6 2. e4 d5 3. e5 c5 4. c3 Nc6 5. Nf3 Qb6 6. Bd3 cxd4 7. cxd4 Bb4+ 8. Nc3 Bd7 9. Be3 Nge7 10. a3 Bxc3+ 11. bxc3 0-0 12. Bxh7+ Kh8 13. Bd3 g6 14. Bg5 Ng8 15. Qd2 Kg7 16. h4 f6 17. exf6+ Nxf6 18. Bh6+ Kh7 19. Bxf8 Rxf8 20. h5 Kg7 21. hxg6 Ng8 22. Rh7+ 1-0

[Event "Andorra op 24th"]
[Site "Andorra"]
[Date "2006.07.11"]
[Round "4"]
[White "Nadig, Kruttika"]
[Black "Pampliega Canturri, Antonio"]
[Result "0-1"]
[WhiteElo "2264"]
[BlackElo "1994"]
[PlyCount "84"]
[EventDate "2006.07.08"]
[EventType "swiss"]
[EventRounds "9"]
[EventCountry "AND"]
[SourceTitle "EXT 2022"]
[Source "ChessBase"]
[SourceDate "2021.10.06"]
[SourceVersion "1"]
[SourceVersionDate "2021.10.06"]
[SourceQuality "1"]

1. e4 e6 2. d4 d5 3. Nc3 Bb4 4. e5 c5 5. a3 cxd4 6. Qxd4 Nc6 7. Bb5 Bxc3+ 8. Qxc3 Nge7 9. Bg5 Bd7 10. Nf3 Rc8 11. 0-0 0-0 12. Bd3 Qb6 13. Qd2 Ng6 14. Rfe1 a6 15. h4 Qc7 16. Qe2 Nge7 17. Nh2 h6 18. Bd2 Ng6 19. Nf3 f5 20. h5 Nge7 21. g4 fxg4 22. Nh2 Nf5 23. c3 g3 24. Ng4 gxf2+ 25. Qxf2 Be8 26. Qg2 Kh8 27. Qh2 Qf7 28. Rf1 Qxh5 29. Qg2 Bg6 30. Be2 Qh4 31. Rf3 Qe7 32. Rh3 Bh7 33. Bd3 Qc5+ 34. Kh2 Rf7 35. b4 Qe7 36. a4 d4 37. b5 axb5 38. axb5 dxc3 39. Bxc3 Ncd4 40. Bf1 Nh4 41. Qb2 Ndf3+ 42. Kh1 Qc5 0-1

[Event "Andorra op 24th"]
[Site "Andorra"]
[Date "2006.07.08"]
[Round "1"]
[White "Pampliega Canturri, Antonio"]
[Black "Caruana, Fabiano"]
[Result "0-1"]
[WhiteElo "1994"]
[BlackElo "2444"]
[PlyCount "92"]
[EventDate "2006.07.08"]
[EventType "swiss"]
[EventRounds "9"]
[EventCountry "AND"]
[SourceTitle "EXT 2022"]
[Source "ChessBase"]
[SourceDate "2021.10.06"]
[SourceVersion "1"]
[SourceVersionDate "2021.10.06"]
[SourceQuality "1"]

1. e4 c5 2. d3 Nc6 3. Nf3 g6 4. Be2 Bg7 5. Nc3 e6 6. 0-0 Nge7 7. h3 0-0 8. Bg5 h6 9. Be3 Nd4 10. Rb1 a6 11. Qd2 Kh7 12. Bd1 Nec6 13. Nh2 f5 14. f4 d6 15. Nf3 b6 16. a3 Bb7 17. b4 cxb4 18. axb4 Rc8 19. Ne2 Nxf3+ 20. Rxf3 Ne7 21. Ng3 d5 22. exd5 Nxd5 23. Kh2 Nc3 24. Rc1 Nxd1 25. Qxd1 Bxf3 26. Qxf3 Bb2 27. Re1 Rxc2 28. Qb7+ Qc7 29. Qxa6 Qc6 30. Re2 Rxe2 31. Nxe2 Ra8 32. Qxb6 Qxb6 33. Bxb6 Rb8 34. Bc5 Ba3 35. Nd4 Bxb4 36. Bxb4 Rxb4 37. Nxe6 Kg8 38. Kg3 Rb3 39. Kh4 Rxd3 40. g4 Kf7 41. Nc5 Rd5 42. Nb3 Kf6 43. Nc1 Rd2 44. Nb3 Rd3 45. Nc5 g5+ 46. fxg5+ hxg5+ 0-1

[Event "Andorra op 21st"]
[Site "Andorra"]
[Date "2003.07.10"]
[Round "6"]
[White "Pampliega Canturri, Antonio"]
[Black "Termeulen, Albert"]
[Result "0-1"]
[WhiteElo "2090"]
[BlackElo "2215"]
[PlyCount "54"]
[EventDate "2003.07.05"]
[EventType "swiss"]
[EventRounds "9"]
[EventCountry "AND"]
[SourceTitle "CBM 095 Extra"]
[Source "ChessBase"]
[SourceDate "2003.09.04"]
[SourceVersion "1"]
[SourceVersionDate "2003.09.04"]
[SourceQuality "1"]

1. d4 Nf6 2. c4 g6 3. Nc3 Bg7 4. e4 d6 5. h3 0-0 6. Nf3 e5 7. d5 Nbd7 8. Bd3 Nh5 9. 0-0 Nf4 10. Be3 f5 11. Bxf4 exf4 12. exf5 gxf5 13. Qd2 Ne5 14. Kh2 Bd7 15. Rad1 Bh6 16. b3 Kh8 17. Bc2 Qf6 18. Ne2 Be8 19. Nxf4 Nxf3+ 20. gxf3 Qe5 21. Qd3 Qxf4+ 22. Kh1 Bh5 23. Qd4+ Qxd4 24. Rxd4 Bxf3+ 25. Kh2 Bg7 26. Rh4 Be5+ 27. Kg1 Rg8+ 0-1

[Event "Andorra op 21st"]
[Site "Andorra"]
[Date "2003.07.07"]
[Round "3"]
[White "Martin Perez, Javier"]
[Black "Pampliega Canturri, Antonio"]
[Result "1-0"]
[WhiteElo "2250"]
[BlackElo "2090"]
[PlyCount "59"]
[EventDate "2003.07.05"]
[EventType "swiss"]
[EventRounds "9"]
[EventCountry "AND"]
[SourceTitle "CBM 095 Extra"]
[Source "ChessBase"]
[SourceDate "2003.09.04"]
[SourceVersion "1"]
[SourceVersionDate "2003.09.04"]
[SourceQuality "1"]

1. e4 e6 2. d4 d5 3. e5 c5 4. c3 Nc6 5. Nf3 Qb6 6. Bd3 Bd7 7. dxc5 Bxc5 8. Qe2 Qc7 9. b4 Bb6 10. 0-0 a6 11. Na3 Na7 12. c4 dxc4 13. Nxc4 Nb5 14. Bb2 Bc6 15. Rac1 Rd8 16. a4 Na7 17. a5 Bxf2+ 18. Rxf2 Nb5 19. Nd6+ Ke7 20. Ng5 Nxd6 21. exd6+ Qxd6 22. Rxf7+ Ke8 23. Bxg7 h6 24. Bxh8 hxg5 25. Rcf1 Qd5 26. Rf8+ Kd7 27. Rxd8+ Kxd8 28. Rf8+ Ke7 29. Rxg8 e5 30. Qxe5+ 1-0

[Event "Andorra op 21st"]
[Site "Andorra"]
[Date "2003.07.05"]
[Round "1"]
[White "Paunovic, Dragan"]
[Black "Pampliega Canturri, Antonio"]
[Result "1-0"]
[WhiteElo "2496"]
[BlackElo "2090"]
[PlyCount "69"]
[EventDate "2003.07.05"]
[EventType "swiss"]
[EventRounds "9"]
[EventCountry "AND"]
[SourceTitle "CBM 095 Extra"]
[Source "ChessBase"]
[SourceDate "2003.09.04"]
[SourceVersion "1"]
[SourceVersionDate "2003.09.04"]
[SourceQuality "1"]

1. d4 e6 2. Nf3 d5 3. c4 c6 4. Qc2 Nf6 5. g3 Be7 6. Bg2 0-0 7. 0-0 h6 8. b3 Na6 9. Nc3 Nb4 10. Qb1 c5 11. dxc5 Bxc5 12. a3 Nc6 13. b4 Bd4 14. Nxd4 Nxd4 15. e3 Nc6 16. Rd1 Ne7 17. Bb2 b6 18. e4 Bb7 19. cxd5 exd5 20. exd5 Rb8 21. Qd3 Qd7 22. Rd2 Rfd8 23. Rad1 Rbc8 24. Qe2 a6 25. Qe5 Qd6 26. Na4 b5 27. Nc5 Ba8 28. Bh3 Rc7 29. Qxd6 Rxd6 30. Bxf6 gxf6 31. Ne4 Rd8 32. Nxf6+ Kg7 33. Nh5+ Kg6 34. Nf4+ Kf6 35. d6 1-0